000 00659nam a2200229 i 4500
001 12084
003 ES-MaACL
005 20250814063208.0
007 t|
008 970407s1989 sp ||||1| spa d
020 _a84-87241-01-8
080 _a860-14"19"
100 1 _aSevylla de Juana, Pedro,
_d1946-
_9105937
245 1 3 _aEl hombre fue primero, la soledad vino después /
_cP. Sevilla de Juana.
250 _a2ª ed.
260 _aMadrid :
_bValdepero,
_cD.L. 1989.
300 _a110 p. ;
_c20 cm.
490 1 _aYunque de papel
830 0 _aYunque de papel
_9179253
852 _aES-MaACL
_jL-19386
_bR.117847
999 _c12084
_d12084